000 00469nam a2200181 a 4500
005 20210219152816.0
008 991125n1932 eua 000 0 eng u
022 _a0887-8730
035 _aUPN01000061974
245 0 0 _aTEACHER EDUCATOR
260 _aEUA
_bBall State University, Teachers College
_c1932
310 _aTrimestral
653 0 _aEDUCACION SUPERIOR
653 0 _aMAESTROS
653 0 _aPRACTICA DOCENTE
905 _aRevista
999 _c61417
_d61417